书目信息 |
| 题名: |
成功始于意念:激发心灵的无限潜能
|
|
| 作者: | 任柏良 主编 | |
| 分册: | ||
| 出版信息: | 北京 中国检察出版社 2001.06 |
|
| 页数: | 398页 | |
| 开本: | 32开 | |
| 丛书名: | ||
| 单 册: | ||
| 中图分类: | B848.4 | |
| 科图分类: | ||
| 主题词: | 个性心理学 , 人格心理学 | |
| 电子资源: | ||
| ISBN: | 7-80086-465-0 | |
| 000 | 00629nam0 2200193 45 | |
| 001 | 0011231079 | |
| 005 | 20041014084238.83 | |
| 010 | @a7-80086-465-0@dCNY 19.80 | |
| 100 | @a20001123d2001 km y0chiy0120 ea | |
| 101 | 0 | @achi |
| 200 | 1 | @a成功始于意念:激发心灵的无限潜能@ACheng Gong Shi Yu Yi Nian:Ji Fa Xin Ling De Wu XianQian Neng@ACheng Gong Shi Yu Yi Nian@f任柏良主编@FRen Bai Liang Zhu Bian |
| 210 | @a北京@c中国检察出版社@d2001.06 | |
| 215 | @a398页@d32开 | |
| 606 | 0 | @a个性心理学 |
| 606 | 0 | @a人格心理学 |
| 690 | @aB848.4@v3 | |
| 701 | 0 | @a任柏良@4主编 |
| 801 | @aCN@bPftUser@c20041014 | |
| 905 | @b502011@dB848.4@eR443@f1 | |
| 成功始于意念:激发心灵的无限潜能/任柏良主编.-北京:中国检察出版社,2001.06 |
| 398页;32开 |
| ISBN 7-80086-465-0:CNY 19.80 |
| ● |
| 相关链接 |
|
|
|
正题名:成功始于意念:激发心灵的无限潜能
索取号:B848.4/R443
 
预约/预借
| 序号 | 登录号 | 条形码 | 馆藏地/架位号 | 状态 | 备注 |
| 1 | 420287 | 204202870 | 社科库509/509社科库 46排2列1层/ [索取号:B848.4/R443] | 在馆 | |
| 2 | 420288 | 204202889 | 社科库509/509社科库 46排2列1层/ [索取号:B848.4/R443] | 在馆 |